00913nam a2200169Ia 4500008005200000020001500052082001700067100002600084245002200110260006400132300001600196520044500212650002200657650001000679650002600689700002800715200103s 1992 ||||xx |||||||||||||| ||und|| a8120801644 a510.954bTIR aTirtha, Bharati Krsna 0aVedic mathematics bMotilal Banarsidass Publishers Private Limitedc1992aDelhi alii, 367 p. aThis epoch-making and monumental work in Vedic mathematics unfolds a new method of approach. It relates to the truth of numbers and magnitudes equally applicable to all sciences and arts. The book brings to light how great and true knowledge is born of intuition, quite different from modern Western method. The ancient Indian method and its secret techniques are examined and shown to be capable of solving various problems of mathematics. aHindu mathematics aVedas aIndians - Mathematics aAgrawala, V. S.eEditor